| 000 | 00820nam a2200229 a 4500 | ||
|---|---|---|---|
| 001 | 84666 | ||
| 003 | BD-RjUL | ||
| 005 | 20250211151135.0 | ||
| 008 | 250211s1980 ii ||||| |||| 00| 0 eng d | ||
| 035 | _a(BD-RjUL)84666 | ||
| 040 |
_aBD-RjUL _beng _cBD-RjUL |
||
| 041 | _aben | ||
| 082 |
_223 _a181.4 _bSEB 1980 |
||
| 100 |
_aসেনগুপ্ত, প্রমোদ বন্ধু _914952 |
||
| 245 |
_aভারতীয় দর্শন / _cপ্রমোদ বন্ধু সেনগুপ্ত |
||
| 260 |
_aকলিকাতা : _bব্যনার্জী পাবলিশার্স, _c১৯৮০ |
||
| 300 |
_aখণ্ড; _c২২ সেমি. |
||
| 505 | 0 | 1 | _aVol.1-- |
| 650 |
_a দর্শন _zভারত _914953 |
||
| 650 |
_aPhilosophy _zIndia _914954 |
||
| 942 |
_2ddc _cBK |
||
| 999 |
_c84666 _d84666 |
||